000 00415nam a2200145Ia 4500
008 220216s9999 xx 000 0 und d
100 _aCuco S M
245 0 _aHermaphroditism in the rubber tree Hevea brasiliensis (Willd. ex Adr. de Juss.) Muell. Arg.
260 _bRevista Brasieira de Genetica
_c1994
300 _a413-415
500 _aSource Year: 1995
700 _aBandel G
856 _uPBA
942 _cJS
999 _c60280
_d60280